000 01502nam a22002897a 4500
003 DO-SdBNP
005 20240312192125.0
007 ta
008 210308b202220 a 00||||| |||| 00| 0 eng d
020 _a9789945629156
040 _aDO-SdBNP
_bspa
_cBNPHU
082 4 _a332.47293
_bB213e, 2022
_222
110 2 _aBanco Central de la República Dominicana.
_bDepartamento Cultural
_97006
245 _aExposiciones temporales en el Museo Numismático y Filatélico, 2021-2022
260 _aSanto Domingo :
_bBanco Central de la Repùblica Dominicana,
_c2022
300 _a156 p. :
_bil. ;
_c23 cm
490 _aBanco Central de la Repùblica Dominicana ;
_vNumismática y filatélica 19 ; 292
504 _aBibliografía: p. 235-236
505 _aPresentación 11 -- Monedas conmemorativas. Exploración de la Mina de Pueblo Viejo (1975) 15 -- Los deportes en la numismática dominicana 49 -- La cultura religiosa en la numismática y la filatelia dominicanas 91 -- Agradecimientos 133 -- Colección del Banco Central de la República Dominicana 135.
590 _aInventariado, 2021 / DG
610 2 0 _aMuseo Numismático y Filatélico del Banco Central (Banco Central de la República Dominicana)
_956846
650 4 _aNumismática
_zRepública Dominicana
_973186
_vExposiciones
650 4 _aSellos postales
_zRepública Dominicana
_978027
_vExposiciones
830 _a Banco Central de la Repùblica Dominicana ;
_nNumismática y filatélica 19 ; 292
_979186
910 _a DG
942 _2ddc
_cLBS1
999 _c52551
_d52551